Religion in India/ (Record no. 53140)
[ view plain ]
| 000 -LEADER | |
|---|---|
| fixed length control field | 01832nam a22003017a 4500 |
| 005 - DATE AND TIME OF LATEST TRANSACTION | |
| control field | 20110624114138.0 |
| 010 ## - LCCN (DPL NO) | |
| LC control number | B-430960-964 |
| 020 ## - INTERNATIONAL STANDARD BOOK NUMBER | |
| International Standard Book Number | 9780195630923 |
| Terms of availability | 395.00 |
| 035 ## - SYSTEM CONTROL NUMBER | |
| System control number | B-430960-964 |
| 037 ## - SOURCE OF ACQUISITION | |
| Source of stock number/acquisition | Oxford University Press |
| 037 ## - SOURCE OF ACQUISITION | |
| Source of stock number/acquisition | Allied Pub/Ven |
| 082 ## - DEWEY DECIMAL CLASSIFICATION NUMBER | |
| Classification number | 200.954 |
| 245 ## - TITLE STATEMENT | |
| Title | Religion in India/ |
| Statement of responsibility, etc | edited by T.N. Madan |
| 260 ## - PUBLICATION, DISTRIBUTION, ETC. (IMPRINT) | |
| Place of publication, distribution, etc | New Delhi |
| Name of publisher, distributor, etc | Oxford University Press |
| Date of publication, distribution, etc | 2010 |
| 270 ## - ADDRESS | |
| Address | YMCA Library Building, Jai Singh Road |
| City | New Delhi |
| Postal code | 110001 |
| 300 ## - PHYSICAL DESCRIPTION | |
| Extent | xvii, 460p. |
| Dimensions | 24cm(pbk) |
| 500 ## - GENERAL NOTE | |
| General note | Includes bibliographical references and index |
| 700 ## - ADDED ENTRY--PERSONAL NAME | |
| Personal name | Robinson, Rowena |
| 9 (RLIN) | 28758 |
| 700 ## - ADDED ENTRY--PERSONAL NAME | |
| Personal name | Clarke, Sathianathan |
| 9 (RLIN) | 28760 |
| 942 ## - ADDED ENTRY ELEMENTS (KOHA) | |
| Source of classification or shelving scheme | Dewey Decimal Classification |
| Item type | English Books |
| Call number suffix | REL |
| Classification part | 200.954 |
| Withdrawn status | Lost status | Not for loan | Home library | Current library | Date acquired | Cost, normal purchase price | Full call number | Cost, replacement price | Koha item type | Collection code | Source of acquisition | Barcode | Copy number |
|---|---|---|---|---|---|---|---|---|---|---|---|---|---|
| Andrews Gunj | Andrews Gunj | 24/06/2011 | 395.00 | REL | 395.00 | English Books | |||||||
| Central Library | Central Library | 30/06/2011 | 395.00 | 200.954 REL | 395.00 | English Books | Non-fiction | Allied Pub/2951/29.3.11/78/14.3.11/31.3.11 | B-430960 | 1 | |||
| Karol Bagh | Karol Bagh | 30/06/2011 | 395.00 | 200.954 REL | 395.00 | English Books | Non-fiction | Allied Pub/2951/29.3.11/78/14.3.11/31.3.11 | B-430963 | 1 | |||
| Patel Nagar | Patel Nagar | 30/06/2011 | 395.00 | 200.954 REL | 395.00 | English Books | Non-fiction | Allied Pub/2951/29.3.11/78/14.3.11/31.3.11 | B-430961 | 1 | |||
| Sarojini Nagar | Sarojini Nagar | 30/06/2011 | 395.00 | 200.954 REL | 395.00 | English Books | Non-fiction | Allied Pub/2951/29.3.11/78/14.3.11/31.3.11 | B-430962 | 1 | |||
| Shahdara Branch | Shahdara Branch | 30/06/2011 | 395.00 | 200.954 REL | 395.00 | English Books | Non-fiction | Allied Pub/2951/29.3.11/78/14.3.11/31.3.11 | B-430964 | 1 |
